Algoritmy obrabotki dannych

Enregistré dans:
Détails bibliographiques
Auteurs principaux: Sibuja, Masaaki (Auteur), Jamamoto, Tokeo (Auteur)
Format: Livre
Langue:russe
Publié: Moskva : Mir, 1986
Édition:1.vyd.
Tags: Ajouter un tag
Pas de tags, Soyez le premier à ajouter un tag!

MARC

LEADER 00000nam a22000003a 4500
001 stu7655
005 20150617225805.9
008 950331s1986----xxr-----------------rus-d
040 |a STU  |b slo 
041 0 |a rus 
044 |a xxr 
080 |a 681.32.016 
080 |a 519.683.5 
100 1 |a Sibuja, Masaaki  |4 aut 
245 1 |a Algoritmy obrabotki dannych 
250 |a 1.vyd. 
260 |a Moskva :  |b Mir,  |c 1986 
300 |a 216 s 
500 |a prel. z japonského orig. 
700 1 |a Jamamoto, Tokeo  |4 aut 
996 |c I*18A3412  |l I  |s A  |a 24  |w stu7655_0002 
996 |b E61978  |c E*61978  |l EE03  |s P  |a 0  |w stu7655_0003